000 00518nam a22001577a 4500
020 _a978-1647285142
082 _a338.4791
_bBAK
100 _aBaker, Elise
245 _aHandbook of Technology Application in Tourism/
_c Elise Baker
260 _aUSA;
_bWillford Press,
_c2023.
300 _avii, 228 p.
504 _aIncludes bibliographical references and index.
563 _aHB
650 _aTourism--technological innovations. 2.Tourism, 3.tourism--information technology
_9128673
942 _2ddc
_cBK
999 _c613572
_d613572